00942nam a22002537a 4500003000400000005001700004008004100021020001800062022001200080040002300092082002000115100002100135245016400156260006800320300002700388504005100415650001700466650003400483700002200517700001800539942001200557999001700569952010200586OSt20240530110427.0150323s2012 ua abf f b 001 0 fre d a9782724706208 20257411 aEG-CaGPLcEG-CaGPL04221a932bCC/B C1 aBeaux , Nathalie aLa Chapelle D'Hathor :bTemple D'Hatchepsout A Deir EL Bahari /cNathalie Beaux , Nicolas Grimal , Gael Pollin n1 VestipVestibule Et Sanctuaires : 2- Figures aLe Caire :bInstitut Francais D'Archeologie Orientale ,c2012 . a3 v. :bill. ;c30 cm. aIncludes bibliographical references and index. 0aLa Chapelle  0aLa Chapelle D'HathorxFigures1 aGrimal , Nicolas 1 aPollin , Gael 2ddccBK c60772d60772 00102ddc4070aCAIbCAId2015-03-25l0o932 CC/B Cp159890r2015-03-25 00:00:00w2015-03-25yBK